<?xml version="1.0" encoding="UTF-8"?>
<record
    xmlns:xsi="http://www.w3.org/2001/XMLSchema-instance"
    xsi:schemaLocation="http://www.loc.gov/MARC21/slim http://www.loc.gov/standards/marcxml/schema/MARC21slim.xsd"
    xmlns="http://www.loc.gov/MARC21/slim">

  <leader>00860nam a22001937a 4500</leader>
  <datafield tag="999" ind1=" " ind2=" ">
    <subfield code="c">165735</subfield>
    <subfield code="d">165735</subfield>
  </datafield>
  <controlfield tag="005">20230717113304.0</controlfield>
  <datafield tag="010" ind1=" " ind2=" ">
    <subfield code="a">UR-10266</subfield>
  </datafield>
  <datafield tag="020" ind1=" " ind2=" ">
    <subfield code="c">450.00</subfield>
    <subfield code="a">9789388356503</subfield>
  </datafield>
  <datafield tag="035" ind1=" " ind2=" ">
    <subfield code="a">U-8821</subfield>
  </datafield>
  <datafield tag="037" ind1=" " ind2=" ">
    <subfield code="b">DBAD/PUB</subfield>
  </datafield>
  <datafield tag="082" ind1=" " ind2=" ">
    <subfield code="a">840</subfield>
  </datafield>
  <datafield tag="100" ind1=" " ind2=" ">
    <subfield code="a"> &#x645;&#x631; &#x62A;&#x628;&#x6C1;&#x64A;&#x646;:&#x633;&#x628;&#x64A;&#x646; &#x639;&#x644;&#x6CC; /&#x633;&#x644;&#x645;&#x6C1; &#x62C;&#x64A;&#x644;&#x627; &#x646;&#x6CC;/&#x646;&#x633;&#x62A;&#x631; &#x646; &#x627; &#x62D;&#x633;&#x646; &#x641;&#x62A;&#x62D;&#x6CC;</subfield>
  </datafield>
  <datafield tag="245" ind1=" " ind2=" ">
    <subfield code="a">&#x62F; &#x64A;&#x62F; &#x628;&#x627; &#x646; :&#x639;&#x627; &#x644;&#x645;&#x6CC; &#x627; &#x62F; &#x628; &#x633;&#x6D2; &#x627; &#x646;&#x62A;&#x62E;&#x627; &#x628;-2 / </subfield>
    <subfield code="c">&#x645;&#x631; &#x62A;&#x628;&#x6C1;&#x64A;&#x646;:&#x633;&#x628;&#x64A;&#x646; &#x639;&#x644;&#x6CC; /&#x633;&#x644;&#x645;&#x6C1; &#x62C;&#x64A;&#x644;&#x627; &#x646;&#x6CC;/&#x646;&#x633;&#x62A;&#x631; &#x646; &#x627; &#x62D;&#x633;&#x646; &#x641;&#x62A;&#x62D;&#x6CC;</subfield>
  </datafield>
  <datafield tag="246" ind1=" " ind2=" ">
    <subfield code="b">Deedban:Almi Adab Se Intekhab-2 (Urdu) /</subfield>
    <subfield code="a">ed.by Sabeen Ali, Salma Jilani and Nastaran AhsanFatihi</subfield>
  </datafield>
  <datafield tag="260" ind1=" " ind2=" ">
    <subfield code="a">Delhi</subfield>
    <subfield code="b">Educational Publishing House</subfield>
    <subfield code="c">2018 &#x621;  </subfield>
  </datafield>
  <datafield tag="270" ind1=" " ind2=" ">
    <subfield code="a">3191&#x60C;Vakil Street,Kucha Pandit,Lal Kuan,</subfield>
    <subfield code="b">Delhi</subfield>
    <subfield code="e">110006</subfield>
    <subfield code="k">23216162</subfield>
    <subfield code="l">00911123211540</subfield>
  </datafield>
  <datafield tag="300" ind1=" " ind2=" ">
    <subfield code="a">431 &#x635;</subfield>
    <subfield code="c">22cm(pbk)</subfield>
  </datafield>
  <datafield tag="942" ind1=" " ind2=" ">
    <subfield code="2">ddc</subfield>
    <subfield code="c">UR</subfield>
    <subfield code="h">840</subfield>
    <subfield code="m">&#x639; &#x627; &#x644;  </subfield>
  </datafield>
  <datafield tag="952" ind1=" " ind2=" ">
    <subfield code="0">0</subfield>
    <subfield code="1">0</subfield>
    <subfield code="4">0</subfield>
    <subfield code="7">0</subfield>
    <subfield code="8">NFIC</subfield>
    <subfield code="a">AV</subfield>
    <subfield code="b">AV</subfield>
    <subfield code="d">2019-06-28</subfield>
    <subfield code="e">DBAD/PUB</subfield>
    <subfield code="g">450.00</subfield>
    <subfield code="l">0</subfield>
    <subfield code="o">840 &#x639; &#x627; &#x644;</subfield>
    <subfield code="p">U-8821</subfield>
    <subfield code="r">2019-06-28 00:00:00</subfield>
    <subfield code="t">1</subfield>
    <subfield code="v">450.00</subfield>
    <subfield code="y">UR</subfield>
  </datafield>
</record>
